LEADER 01486nam a2200301 u 4500 001 000000060938 003 CaOOAMICUS 005 20070226120953.0 008 010827s1988 it u000 u eng u 035 $a10900059 040 $aPUL(R)$bita 100 1 $aPardo, John J.$0(OLS)http://pul/name/41565 245 14$aThe application of ecclesiastical legislation to religious and moraleducation in Gibraltar :$ban historical-canonical study. /$cauctore John J. Pardo. 260 $aRoma :$b[s.n.],$c1998. 300 $a165 p. ;$c24 cm 500 $aIn testa al front.: Pontificia Universitas Gregoriana, Facultas iuris canonici". 502 $aExcerpta ex dissertatione ad doctoratum -- Pontificia Universitas Facultas iuris canonici, 1998. 504 $aBibliografia: p 131-162. 650 4$aDiritto ecclesiastico.$0(OLS)http://pul/subject/6 710 2 $aPontificia Università Gregoriana.$bFacoltà di diritto canonico.$0(OLS)http://pul/name/27216 850 $aPUL 852 $aPUL$W1$xDP1 Tesi Pon. Univ. Gregoriana$y40$mTH PUG 4496$j79501$nBK-PRI$b $qTesi$B79501$CPULBib$Z2$F79501 $H $81 941 1 $a16 960 $aDiritto e religione$96 960 $aDiritto e religione$96 961 $aINV: 83731 996 $6245$aThe application of ecclesiastical legislation to religious and moraleducation in Gibraltar :$ban historical-canonical study.$9(OLS)http://pul/title/81415 996 $6260$aRoma :$b[s.n.]$9(OLS)http://pul/publisher/47958 LEADER 01068nam a2200229 u 4500 001 000000061052 003 CaOOAMICUS 005 20070226121000.0 008 010830s2000 it u000 u ita u 035 $a10900586 040 $aPUL(R)$bita 110 1 $aItalia.$bParlamento.$bSenato.$0(OLS)http://pul/name/16352 245 10$aCatalogo generale delle pubblicazioni /$cSenato della Repubblica. 260 $aRoma :$bServizio degli affari generali, Ufficio dell'archivio e delle informazioni parlamentari,$c2000. 300 $a197 p. ;$c25 cm 610 14$aItalia.$bParlamento.$bSenato$xAttività editoriale.$0(OLS)http://pul/subject/23407 850 $aPUL 852 $aPUL$W1$xSL Filosofia 1$y2$m118(1) F$j79619$nBK-PRI$b $qStampati$B79619$CPULBib$Z2$F79619 $H $81 941 1 $a8 961 $aINV: 83545 996 $6245$aCatalogo generale delle pubblicazioni$9(OLS)http://pul/title/81544 996 $6260$aRoma :$bServizio degli affari generali, Ufficio dell'archivio e delle informazioni parlamentari$9(OLS)http://pul/publisher/69981